000 00951nam a2200205Ia 4500
001 3870
003 GE_BSU
008 181216s||||||||xx |||||||||||||| ||und||
040 _cGE_BSU
080 _a621.8(035.3)
100 _aИгнатюк,А.И. Цыганов,М.А. Кугинис,Б.Л. Храмцов,В.А.
245 _aСправочник по технике безопасности и производственной санитарии для предприятий машиностроения.
245 _cРед. Д.Я.Симонс.
260 _aМ.
260 _bГос. научно-техническое издательство машиностр. лит.
260 _c1962.
300 _a592 стр. 22 см.
653 _aСправочник по технике безопасности и производственной санитарии для предприятий машиностроения.
942 _cBK
999 _c37892
_d37892